=LDR 00000nam 2200000 4500 =001 INLIS000000000048668 =005 20240624010023 =035 ##$$a 0010-121600000000054 =008 240624################a##########0#ind## =020 ##$$a 9786022579205 =040 ##$$a NBPDMAT =082 ##$$a 028.5 =090 ##$$a 028.5$bDia a =100 ##$$a Dian Kristiawi =245 1#$$a Aku suka kebersihan bersama Tijo /$c Dian Kristiawi =260 ##$$a Solo :$b Tiga Serangkai,$c 2014 =300 ##$$a 32 hlm. : $b ilus. ; $c 28 cm =650 #4$$a Bacaan Anak-anak =850 ##$$a NBPDMAT =084 ##$$a 028.5 DIA a =250 ##$$a cet. I =990 ##$$a 21600664 =990 ##$$a 21600660 =990 ##$$a 21600661 =990 ##$$a 21600662 =990 ##$$a 21600663 =990 ##$$a 21600661 =990 ##$$a 21600664 =990 ##$$a 21600660 =990 ##$$a 21600662 =990 ##$$a 21600663